| 000 | 01421cam a2200253 4500 | ||
|---|---|---|---|
| 001 | WB4016-12 | ||
| 008 | 040427n2004 000 0 eng u | ||
| 035 | _a(Sirsi) u126029 | ||
| 245 | _aSocial landlords tackling anti-social behaviour | ||
| 260 | _c2004 | ||
| 490 |
_aODPM News Release _v(ODPM-107) 26 April 2004 (2) |
||
| 520 | _aA consultation has started on the proposed guidance for social landlords in England on how they should produce policies and procedures for tackling anti-social behaviour. The requirement to publish policies and procedures sits alongside the new powers for landlords introduced by the Anti-Social Behaviour Act 2003. The consultation, aimed at local housing authorities, housing action trusts and registered social landlords, ends on 25 June 2004.The consultation is available at http://www.odpm.gov.uk/stellent/groups/odpm_housin g/documents/page/odpm_house_028411.hcsp and the 2003 Act at http://www.legislation.hmso.gov.uk/acts/acts2003/2 0030038.htm. http://www.odpm.gov.uk/pns/DisplayPN.cgi?pn_id=200 4_0107 | ||
| 590 | _aWB | ||
| 590 | _aWB | ||
| 650 | _aHOUSING ACTION TRUSTS | ||
| 650 | _aANTI-SOCIAL BEHAVIOUR | ||
| 650 | _aLOCAL HOUSING AUTHORITIES | ||
| 650 | _aREGISTERED SOCIAL LANDLORDS | ||
| 650 | _aANTI-SOCIAL BEHAVIOUR ACT 2003 | ||
| 650 | _aSOCIAL LANDLORDS | ||
| 650 | _aLOCAL HOUSING AUTHORITIES | ||
| 690 | _aHOUSING-SOCIAL HOUSING | ||
| 942 | _n0 | ||
| 999 |
_c117255 _d117255 |
||